[Event "AUTO-ADV-4486"]
[Site "http://www.queenalice.com/game.php?id=1649906"]
[Date "2021.4.17"]
[Round "1"]
[White "Taura10"]
[Black "Fauquinelle"]
[Result "0-1"]
[WhiteElo "1982"]
[BlackElo "1915"]

1. d4 d5 2. c4 e6 3. cxd5 exd5 4. Nc3 Nf6 5. e3 Bb4 6. a3 Bxc3+ 7. bxc3 O-O 8.
c4 c6 9. Nf3 Qc7 10. cxd5 cxd5 11. Be2 Nc6 12. O-O Ne4 13. Bb2 Be6 14. Nd2 Nf6
15. Nf3 Rac8 16. h3 Ne7 17. Ne5 Ne4 18. a4 f6 19. Nd3 Qa5 20. Nf4 Bf7 21. Bg4 f5
22. Bf3 Rc7 23. Bxe4 dxe4 24. Ba3 Rfc8 25. Bxe7 Rxe7 26. d5 Rd7 27. Qb3 Bxd5 28.
Nxd5 Qxd5 29. Qb5 Rc5 30. Qb2 Qc6 31. Qb3+ Kf8 32. Qa3 Kf7 33. Rac1 Rxc1 34.
Rxc1 Qe6 35. Qc5 b6 36. Qb5 g6 37. Qb4 Qe5 38. Qc4+ Kf6 39. h4 f4 40. exf4 Qxf4
41. Re1 Rc7 42. Qd4+ Kf5 43. Qd5+ Qe5 44. Qd8 Qe7 45. Qd5+ Qe5 46. g4+ Kf4 47.
Qxe5+ Kxe5 48. f3 Kf4 49. Rxe4+ Kxf3 50. Rd4 Kg3 51. h5 Rc1+ 0-1

[Event "AUTO-ADV-4486"]
[Site "http://www.queenalice.com/game.php?id=1649919"]
[Date "2021.4.17"]
[Round "1"]
[White "Nille"]
[Black "Taura10"]
[Result "1-0"]
[WhiteElo "1858"]
[BlackElo "2001"]

1. e4 c5 2. Nf3 a6 3. Nc3 e6 4. d4 cxd4 5. Nxd4 g6 6. e5 Nc6 7. Bf4 Bg7 8. Nxc6
bxc6 9. Ne4 Qa5+ 10. c3 Bxe5 11. Nd6+ Bxd6 12. Bxd6 Nf6 13. Bb4 Qe5+ 14. Be2 a5
15. Bd6 Qg5 16. O-O Ne4 17. Bg3 Nxg3 18. fxg3 O-O 19. a3 d5 20. b4 Qe3+ 21. Kh1
Qxc3 22. b5 cxb5 23. Bxb5 Ba6 24. Bxa6 Rxa6 25. Rf3 Qc6 26. Qd4 a4 27. Rc3 Qb7
28. Rac1 Qe7 29. Rc7 Qxa3 30. Qf6 Qe3 31. Ra1 d4 32. Rf1 d3 33. Rxf7 1-0

[Event "AUTO-ADV-4486"]
[Site "http://www.queenalice.com/game.php?id=1649920"]
[Date "2021.4.17"]
[Round "1"]
[White "Taura10"]
[Black "Nille"]
[Result "0-1"]
[WhiteElo "1951"]
[BlackElo "1791"]

1. d4 d5 2. c4 dxc4 3. Nc3 e6 4. e3 Nf6 5. Bxc4 a6 6. Nf3 b5 7. Bb3 Bb7 8. O-O
Bb4 9. Bd2 O-O 10. a3 Ba5 11. Bc2 Bxc3 12. bxc3 Bxf3 13. Qxf3 Nbd7 14. e4 h6 15.
e5 Nd5 16. Qe4 f5 17. exf6 Rxf6 18. Qh7+ Kf7 19. Qe4 Qf8 20. Bd1 N7b6 21. Bh5+
Kg8 22. Bf3 Nc4 23. Be1 Re8 24. Qg4 Qf7 25. Be2 Rg6 26. Qe4 Qf5 27. Qxf5 exf5
28. Bxc4 bxc4 29. a4 Re2 30. g3 Nf4 31. Kh1 Nd3 32. Kg2 Rc2 33. Kf3 Nxe1+ 34.
Rfxe1 Rxc3+ 35. Re3 Rb3 36. a5 c3 37. Rc1 Rc6 38. Rc2 Ra3 39. Kf4 g6 40. h4 Rc4
41. Kf3 Rxd4 42. Rexc3 Rd3+ 43. Rxd3 Rxd3+ 44. Ke2 Ra3 45. Rc6 Rxa5 46. Rxg6+
Kh7 47. Rc6 Ra2+ 48. Kf3 a5 49. Rxc7+ Kg6 50. Rc6+ Kh5 51. Rc5 Kg6 52. h5+ Kg5
53. Kg2 a4 54. Ra5 a3 55. Kf3 Ra1 56. Rb5 a2 57. Ra5 Rh1 58. Rxa2 Rxh5 59. Ra6
Rh1 60. Kg2 Rb1 61. Ra8 Rb6 62. Rg8+ Kh5 63. Rf8 Kg5 64. f4+ Kg6 65. Kh3 Rf6 66.
Rb8 Kh5 67. Rg8 Rd6 68. Rg7 Rd3 69. Rg8 Rd5 70. Rf8 Kg6 71. Kh4 Rd1 72. Kh3 Rd6
73. Rg8+ Kf7 74. Ra8 Rd3 75. Ra7+ Kg6 76. Ra6+ Kh5 77. Rf6 Rd5 78. Re6 Ra5 79.
Re2 Ra3 80. Re5 Kg6 81. Rc5 Ra6 82. Kh4 h5 83. Rc8 Ra3 84. Rc6+ Kf7 85. Rh6 Ra1
86. Rxh5 Kg6 87. Rg5+ Kf6 88. Rg8 Rh1# 0-1

[Event "AUTO-ADV-4486"]
[Site "http://www.queenalice.com/game.php?id=1649929"]
[Date "2021.4.17"]
[Round "1"]
[White "Taura10"]
[Black "SGF"]
[Result "1-0"]
[WhiteElo "1963"]
[BlackElo "1755"]

1. d4 e6 2. c4 Qf6 3. e3 Be7 4. Nf3 d6 5. Be2 Qg6 6. O-O Nc6 7. Nc3 e5 8. d5 Bh3
9. g3 Bxf1 10. Qxf1 Nb4 11. e4 h5 12. a3 Nc2 13. Ra2 h4 14. Qh3 Nd4 15. Nxd4
exd4 16. Nb5 Bd8 17. Bd3 a6 18. Nxd4 Rh5 19. Nf3 hxg3 20. Qxg3 Rh3 21. Qxg6 fxg6
22. Kg2 Rh5 23. b4 Nf6 24. h3 Nh7 25. Re2 Be7 26. e5 dxe5 27. Bxg6+ Kd7 28. Bxh5
Kd6 29. Nxe5 Ng5 30. Ng6 Bf6 31. Bf4+ Kd7 32. Bxg5 Bxg5 33. f4 Bf6 34. Ne5+ Bxe5
35. fxe5 g5 36. Rf2 Rg8 37. e6+ Ke7 38. Rf7+ Kd6 39. Kg3 Ke5 40. Kg4 c6 41. Rxb7
cxd5 42. cxd5 Kxd5 43. Ra7 Kxe6 44. Rxa6+ Kd5 45. Bf7+ Kd4 46. Bxg8 Kc3 47. b5
Kb2 48. a4 Ka3 49. b6 Kb4 50. b7 Kc5 51. b8=Q Kd4 52. Qb4+ Ke5 53. Ra5+ Kf6 54.
Qd6+ Kg7 55. Rxg5+ Kh8 56. Qh6# 1-0

[Event "AUTO-ADV-4486"]
[Site "http://www.queenalice.com/game.php?id=1649930"]
[Date "2021.4.17"]
[Round "1"]
[White "SGF"]
[Black "Taura10"]
[Result "0-1"]
[WhiteElo "1811"]
[BlackElo "1979"]

1. e4 c5 2. Qf3 a6 3. Bc4 e6 4. e5 Nc6 5. c3 Nxe5 6. Qe2 Nxc4 7. Qxc4 Nf6 8. f3
d5 9. Qf4 Bd6 10. Qg5 O-O 11. h4 h6 12. Qe3 e5 13. g4 d4 14. Qe2 Nd5 15. d3 Nf4
16. Bxf4 exf4 17. cxd4 Re8 18. dxc5 Rxe2+ 19. Nxe2 Qa5+ 20. Nbc3 Qxc5 21. d4 Qb4
22. b3 b5 23. O-O f5 24. gxf5 Bxf5 25. Nd5 Qd2 26. Rfe1 Rd8 27. a3 Bxa3 28. Rxa3
Qxe1+ 29. Kh2 Qxe2+ 30. Kg1 Rxd5 31. Rxa6 Rxd4 32. Ra8+ Kh7 33. Rf8 Rd1# 0-1

[Event "AUTO-OPEN-4243"]
[Site "http://www.queenalice.com/game.php?id=1760530"]
[Date "2021.5.26"]
[Round "2"]
[White "CCapivara"]
[Black "Taura10"]
[Result "1-0"]
[WhiteElo "2186"]
[BlackElo "1974"]

1. e4 c5 2. Nf3 a6 3. d4 cxd4 4. Nxd4 g6 5. c4 Bg7 6. Nc3 e6 7. Be3 Nc6 8. Qd2
Qa5 9. O-O-O Nge7 10. Kb1 O-O 11. Be2 Nxd4 12. Bxd4 e5 13. Be3 Nc6 14. Nd5 Qxd2
15. Rxd2 a5 16. Rhd1 Kh8 17. Nb6 Rb8 18. Nxc8 Rbxc8 19. Rxd7 Rb8 20. Bc5 Rfd8
21. Rxd8+ Rxd8 22. Rxd8+ Nxd8 23. Bb6 Nc6 24. a3 Nd4 25. Bd1 Nc6 26. Kc2 Kg8 27.
Kc3 Bf8 28. f3 Be7 29. Be2 Kg7 30. Be3 h6 31. c5 Bd8 32. b4 axb4+ 33. axb4 h5
34. b5 Ne7 35. Bc4 f6 36. Bd5 Nxd5+ 37. exd5 Kf7 38. b6 Ke7 39. c6 bxc6 40. dxc6
Kd6 41. c7 Bxc7 42. bxc7 Kxc7 43. Kc4 Kd6 44. h4 f5 45. Bc5+ Ke6 46. Ba3 f4 47.
Kd3 Kd5 48. Bb2 1-0

[Event "AUTO-OPEN-4243"]
[Site "http://www.queenalice.com/game.php?id=1760531"]
[Date "2021.5.26"]
[Round "2"]
[White "Taura10"]
[Black "CCapivara"]
[Result "0-1"]
[WhiteElo "1956"]
[BlackElo "2237"]

1. d4 d6 2. c4 Nf6 3. e3 c6 4. Be2 Qc7 5. Nf3 Bg4 6. O-O Nbd7 7. Nc3 e5 8. d5
Be7 9. e4 O-O 10. a3 a6 11. h3 Bh5 12. Qc2 cxd5 13. cxd5 b5 14. Qd1 Rac8 15. Re1
Nc5 16. Bd3 Bxf3 17. Qxf3 Nb3 18. Rb1 Nd4 19. Qe3 Nd7 20. Qg3 Kh8 21. Bg5 Bxg5
22. Qxg5 Nc5 23. Be2 f5 24. exf5 Rxf5 25. Qe3 Rcf8 26. Rf1 Qf7 27. b4 Nd7 28.
Bg4 Rf4 29. Ne4 Qg6 30. f3 Nb6 31. Be6 Nc4 32. Qd3 Nxe6 33. dxe6 Qxe6 34. Rfd1
Rd8 35. Ra1 Nb2 36. Qd5 Qg6 37. Rf1 Nc4 38. Qc6 Ne3 39. Rf2 Rxf3 40. Raa2 Rxf2
41. Rxf2 h6 42. Rd2 Rf8 43. Rf2 Rxf2 44. Nxf2 Qb1+ 45. Kh2 Nf1+ 46. Kg1 Ng3+ 47.
Kh2 Ne2 48. Qa8+ Kh7 49. Qe4+ Qxe4 50. Nxe4 d5 51. Nd2 Kg6 52. g3 Kf5 53. Kg2
Nc3 54. Kf3 e4+ 55. Ke3 Ke5 56. Nb3 Nb1 57. Nc5 d4+ 58. Ke2 Nxa3 59. Nxa6 d3+
60. Ke3 Nc4+ 61. Kf2 e3+ 62. Ke1 d2+ 0-1

[Event "AUTO-OPEN-4243"]
[Site "http://www.queenalice.com/game.php?id=1760534"]
[Date "2021.5.26"]
[Round "2"]
[White "serinha"]
[Black "Taura10"]
[Result "1-0"]
[WhiteElo "2638"]
[BlackElo "1986"]

1. g4 d5 2. Bg2 Bxg4 3. c4 Nf6 4. Qb3 b6 5. cxd5 Qd6 6. Nc3 a6 7. h3 Bh5 8. d4
b5 9. e4 Qb6 10. Be3 g6 11. e5 Ng8 12. d6 c6 13. e6 f6 14. d7+ Nxd7 15. exd7+
Kd8 16. Qe6 1-0

[Event "AUTO-OPEN-4243"]
[Site "http://www.queenalice.com/game.php?id=1760535"]
[Date "2021.5.26"]
[Round "2"]
[White "Taura10"]
[Black "serinha"]
[Result "0-1"]
[WhiteElo "1984"]
[BlackElo "2639"]

1. d4 Nf6 2. c4 g6 3. Bg5 Ne4 4. Be3 c6 5. g3 d5 6. cxd5 cxd5 7. a3 Nc6 8. Nf3
Bg7 9. Bg2 O-O 10. Nc3 Nxc3 11. bxc3 Bf5 12. O-O Na5 13. Nh4 Bg4 14. Nf3 Rc8 15.
Bd2 b6 16. Qb3 Nxb3 17. Ra2 Qc7 18. Be1 Qc4 0-1

[Event "AUTO-ADV-4524"]
[Site "http://www.queenalice.com/game.php?id=1765491"]
[Date "2021.7.27"]
[Round "1"]
[White "Castling"]
[Black "Taura10"]
[Result "0-1"]
[WhiteElo "1711"]
[BlackElo "1966"]

1. e4 c5 2. Bc4 a6 3. Qf3 e6 4. Nc3 g6 5. d3 Bg7 6. Bd2 Nc6 7. a3 Ne5 8. Nge2
Nxc4 9. dxc4 Nf6 10. Bg5 d6 11. h3 h6 12. Bh4 g5 13. Bg3 Qc7 14. O-O-O e5 15.
Nd5 Nxd5 16. cxd5 b5 17. Nc3 b4 18. axb4 cxb4 19. Nb1 a5 20. Nd2 a4 21. Kb1 a3
22. b3 a2+ 23. Kb2 O-O 24. Ra1 Qa5 25. Nc4 Qa6 26. Qd3 Bd7 27. Nxd6 Qa3# 0-1

[Event "AUTO-ADV-4524"]
[Site "http://www.queenalice.com/game.php?id=1765492"]
[Date "2021.7.27"]
[Round "1"]
[White "Taura10"]
[Black "Castling"]
[Result "1-0"]
[WhiteElo "1971"]
[BlackElo "1638"]

1. d4 d5 2. c4 Nf6 3. cxd5 Qxd5 4. Nc3 Qd8 5. Nf3 Nc6 6. e3 a6 7. Be2 h6 8. O-O
Bd7 9. a3 Bf5 10. d5 Nb8 11. Bd3 Bxd3 12. Qxd3 Qd6 13. e4 Nbd7 14. g3 O-O-O 15.
Bf4 Qb6 16. b4 e6 17. Rac1 Nb8 18. Na4 Qb5 19. Rxc7# 1-0

[Event "AUTO-ADV-4524"]
[Site "http://www.queenalice.com/game.php?id=1765509"]
[Date "2021.7.27"]
[Round "1"]
[White "Taura10"]
[Black "pomar"]
[Result "1-0"]
[WhiteElo "1929"]
[BlackElo "1917"]

1. d4 e6 2. c4 d5 3. cxd5 exd5 4. e3 Bd6 5. Nf3 Bg4 6. Be2 c6 7. h3 Bxf3 8. Bxf3
Nf6 9. a3 Nbd7 10. O-O Qc7 11. Nd2 g6 12. e4 dxe4 13. Nxe4 Nxe4 14. Bxe4 f5 15.
Bc2 O-O-O 16. b4 Nf6 17. Bb2 Rhf8 18. Bb3 Be5 19. Qd3 Qb6 20. Rfd1 Ne4 21. Qe3
Bf6 22. Bc2 Rfe8 23. Bxe4 Rxe4 24. Qh6 Qc7 25. Qc1 Bxd4 26. Bxd4 Rexd4 27. Rxd4
Rxd4 28. Qc3 Qd6 29. b5 c5 30. a4 b6 31. Qf3 Re4 32. Qb3 c4 33. Qc3 Qd3 34. Qh8+
Kd7 35. Qxh7+ Re7 36. Qxg6 c3 37. Qc6+ Kd8 38. Qa8+ Kd7 39. Qxa7+ Ke8 40. Qxb6
c2 41. Qc6+ Kf7 42. Kh2 Qd2 43. Qc4+ Kf6 44. Rf1 Qd1 45. Qh4+ Ke6 46. Qc4+ Kf6
47. Qc3+ Re5 48. Qa1 Qd6 49. Kg1 Qc5 50. Rc1 Ke6 51. Qa2+ Kf6 52. Rxc2 Re1+ 53.
Kh2 Qe5+ 54. g3 Qe4 55. Rc6+ Kg7 56. Rc7+ Kf6 57. Qf7+ Kg5 58. Qg8+ Kf6 59. Qg7+
Ke6 60. Re7+ 1-0

[Event "AUTO-ADV-4524"]
[Site "http://www.queenalice.com/game.php?id=1765510"]
[Date "2021.7.27"]
[Round "1"]
[White "pomar"]
[Black "Taura10"]
[Result "1-0"]
[WhiteElo "1966"]
[BlackElo "1972"]

1. f3 d5 2. Kf2 e5 3. e3 Qh4+ 4. g3 Qb4 5. c3 Qb6 6. d4 e4 7. Nd2 exf3 8. Qxf3
Qf6 9. Bg2 Qxf3+ 10. Ngxf3 Nf6 11. Re1 Be7 12. e4 dxe4 13. Nxe4 O-O 14. Nxf6+
Bxf6 15. Bg5 Bxg5 16. Nxg5 h6 17. Ne4 c6 18. Nd6 Nd7 19. Re7 Rb8 20. Nxc8 Rbxc8
21. Rxd7 Rb8 22. Re1 Rfd8 23. Ree7 Rxd7 24. Rxd7 Kf8 25. Kf3 Ke8 26. Bh3 a6 27.
Ke4 g6 28. Ke5 h5 29. Kf6 b6 30. Rxf7 1-0

[Event "AUTO-OPEN-4296"]
[Site "http://www.queenalice.com/game.php?id=1765596"]
[Date "2021.7.28"]
[Round "1"]
[White "Vany21"]
[Black "Taura10"]
[Result "1-0"]
[WhiteElo "1267"]
[BlackElo "1966"]

1. e4 c5 2. Nf3 a6 3. c4 g6 4. d4 cxd4 5. Nxd4 Bg7 6. Be2 e6 7. Nc3 Nc6 8. Nxc6
bxc6 9. O-O Bb7 10. c5 Nf6 11. Bf4 O-O 12. Qb3 Qc8 13. Rfd1 Re8 14. Na4 Ra7 15.
Nb6 Qd8 16. Bg5 e5 17. Rd6 Re6 18. Rad1 Rxd6 19. Rxd6 Bc8 20. Bc4 h6 21. Bxf7+
Kh7 22. Bxf6 Bxf6 23. Nxc8 Qxc8 24. Rxf6 d6 25. Bxg6+ Kg7 26. Rf7+ 1-0

[Event "AUTO-OPEN-4296"]
[Site "http://www.queenalice.com/game.php?id=1765597"]
[Date "2021.7.28"]
[Round "1"]
[White "Taura10"]
[Black "Vany21"]
[Result "0-1"]
[WhiteElo "1956"]
[BlackElo "1267"]

1. d4 Nf6 2. c4 g6 3. e3 Bg7 4. g3 c5 5. d5 O-O 6. Bg2 e6 7. Nc3 d6 8. Nf3 exd5
9. cxd5 Bf5 10. O-O Ne4 11. Nxe4 Bxe4 12. a3 Nd7 13. Nh4 Bxg2 14. Nxg2 b5 15.
Rb1 a5 16. Qc2 Ne5 17. Qe2 Qd7 18. b4 cxb4 19. axb4 a4 20. Nf4 Nc4 21. Qa2 Rfe8
22. Nd3 Qf5 23. Nf4 Rac8 24. Rd1 Ne5 25. Kg2 Rc2 26. Qa3 Qe4+ 27. Kg1 Nf3+ 28.
Kf1 Nxh2+ 29. Kg1 Nf3+ 30. Kf1 Ng5 31. Ng2 Rxf2+ 32. Kxf2 Qf3+ 0-1

[Event "AUTO-OPEN-4296"]
[Site "http://www.queenalice.com/game.php?id=1765620"]
[Date "2021.7.28"]
[Round "1"]
[White "ARRMA"]
[Black "Taura10"]
[Result "1-0"]
[WhiteElo "1309"]
[BlackElo "1947"]

1. c4 c5 2. Nc3 a6 3. g3 e6 4. Bg2 g6 5. d3 Bg7 6. e4 Nc6 7. Nge2 Nd4 8. Be3
Nxe2 9. Qxe2 d6 10. O-O Nf6 11. h3 Bd7 12. f4 Nh5 13. Qf2 b5 14. g4 Nf6 15. e5
Nxg4 16. hxg4 Rb8 17. exd6 b4 18. Ne4 Bxb2 19. Rab1 Bg7 20. Bxc5 a5 21. d4 O-O
22. g5 Rc8 23. Qh4 Rxc5 24. dxc5 Ba4 25. Nf6+ Bxf6 26. gxf6 Bc2 27. Rbc1 Bd3 28.
Rf3 Bf5 29. Bh3 h5 30. Qg5 Kh7 31. Bxf5 exf5 32. Rh3 Rg8 33. Kh2 Qd7 34. Rxh5+
1-0

[Event "AUTO-OPEN-4296"]
[Site "http://www.queenalice.com/game.php?id=1765621"]
[Date "2021.7.28"]
[Round "1"]
[White "Taura10"]
[Black "ARRMA"]
[Result "1-0"]
[WhiteElo "1945"]
[BlackElo "1311"]

1. d4 Nf6 2. c4 e6 3. e3 b6 4. Nf3 Bb7 5. Be2 d5 6. cxd5 Bxd5 7. Nc3 Bb7 8. O-O
Nbd7 9. Qc2 a6 10. e4 Bb4 11. Bd3 c5 12. a3 Bxc3 13. bxc3 cxd4 14. cxd4 Rc8 15.
Qe2 b5 16. e5 Nd5 17. Bd2 Nf8 18. Be4 Ng6 19. Bxg6 hxg6 20. Bg5 Qb6 21. Be3 Nc3
22. Qd2 Bxf3 23. gxf3 Qd8 24. Bg5 f6 25. exf6 gxf6 26. Bf4 Kf7 27. Rac1 Qxd4 28.
Rxc3 Qxc3 29. Qd7+ Kg8 30. Qxe6+ Kh7 31. Qf7# 1-0

[Event "AUTO-OPEN-4296"]
[Site "http://www.queenalice.com/game.php?id=1765634"]
[Date "2021.7.28"]
[Round "1"]
[White "attachui"]
[Black "Taura10"]
[Result "1-0"]
[WhiteElo "2159"]
[BlackElo "1915"]

1. d4 d5 2. c4 c6 3. Nf3 g6 4. Nc3 Bg7 5. Bf4 e6 6. e3 Nf6 7. Be2 O-O 8. O-O a6
9. Rc1 Re8 10. Ne5 Nbd7 11. b4 Nxe5 12. Bxe5 Bd7 13. a4 dxc4 14. Bxc4 b5 15.
axb5 axb5 16. Bb3 Ra3 17. Ra1 Rxa1 18. Qxa1 Nd5 19. Nxd5 cxd5 20. Bg3 Bf8 21.
Rb1 Bxb4 22. Bxd5 Bf8 23. Bf3 b4 24. h4 1-0

[Event "AUTO-OPEN-4296"]
[Site "http://www.queenalice.com/game.php?id=1765635"]
[Date "2021.7.28"]
[Round "1"]
[White "Taura10"]
[Black "attachui"]
[Result "0-1"]
[WhiteElo "1909"]
[BlackElo "2164"]

1. d4 Nf6 2. c4 g6 3. e3 Bg7 4. Nf3 O-O 5. g3 d5 6. cxd5 Nxd5 7. Bg2 c5 8. dxc5
Qa5+ 9. Nbd2 Qxc5 10. O-O Nb4 11. Nb3 Qb6 12. a3 Rd8 13. Nbd2 Nd3 14. Rb1 Bf5
15. e4 Bxe4 16. Qe2 Bf5 17. Qxe7 Nc6 18. Qe2 Re8 19. Qd1 Nxc1 20. Qxc1 Bxb1 21.
Nxb1 Qxb2 22. Nfd2 Qxc1 23. Rxc1 Nd4 0-1

[Event "AUTO-OPEN-4264"]
[Site "http://www.queenalice.com/game.php?id=1774018"]
[Date "2021.11.4"]
[Round "2"]
[White "carver"]
[Black "Taura10"]
[Result "1-0"]
[WhiteElo "2040"]
[BlackElo "1944"]

1. d4 d5 2. c4 c6 3. Bf4 g6 4. Nc3 Bg7 5. e3 Nf6 6. h3 O-O 7. Nf3 e6 8. Bd3 Re8
9. Be5 Nbd7 10. O-O Nxe5 11. Nxe5 1-0

[Event "AUTO-OPEN-4264"]
[Site "http://www.queenalice.com/game.php?id=1774019"]
[Date "2021.11.4"]
[Round "2"]
[White "Taura10"]
[Black "Rog3rJJ"]
[Result "0-1"]
[WhiteElo "1918"]
[BlackElo "2247"]

1. d4 Nf6 2. c4 g6 3. g3 d5 4. cxd5 Qxd5 5. Nf3 Ne4 6. Bg2 Bg7 7. e3 Qa5+ 8.
Nbd2 c5 9. dxc5 Nxd2 10. Nxd2 Qxc5 11. O-O O-O 12. Nb3 Qc7 13. Qf3 Nd7 0-1

[Event "AUTO-OPEN-4264"]
[Site "http://www.queenalice.com/game.php?id=1774020"]
[Date "2021.11.4"]
[Round "2"]
[White "Rog3rJJ"]
[Black "Taura10"]
[Result "1-0"]
[WhiteElo "2245"]
[BlackElo "1921"]

1. e4 c5 2. Nf3 a6 3. c4 g6 4. d4 cxd4 5. Qxd4 Nf6 6. e5 Nc6 7. Qc3 Nh5 8. a3
Bg7 9. g4 Ng3 10. hxg3 e6 11. Bf4 Qc7 12. Qe3 Qa5+ 13. Qd2 Qxd2+ 14. Kxd2 1-0